English Grammar Translation and Composition (Record no. 159396)

MARC details
000 -LEADER
fixed length control field 00723nam a22002177a 4500
005 - DATE AND TIME OF LATEST TRANSACTION
control field 20181215153149.0
006 - FIXED-LENGTH DATA ELEMENTS--ADDITIONAL MATERIAL CHARACTERISTICS--GENERAL INFORMATION
fixed length control field a|||||f|||| 00| 0
007 - PHYSICAL DESCRIPTION FIXED FIELD--GENERAL INFORMATION
fixed length control field tc
008 - FIXED-LENGTH DATA ELEMENTS--GENERAL INFORMATION
fixed length control field 180713b xxu|||||f|||| 00| 0 eng d
010 ## - LCCN (DPL NO)
LC control number B-218307-B-218312
020 ## - INTERNATIONAL STANDARD BOOK NUMBER
Terms of availability 186.00(per set)
035 ## - SYSTEM CONTROL NUMBER
System control number B-218307
037 ## - SOURCE OF ACQUISITION
Source of stock number/acquisition A.I.C.B.
082 ## - DEWEY DECIMAL CLASSIFICATION NUMBER
Classification number 485
245 ## - TITLE STATEMENT
Title English Grammar Translation and Composition
260 ## - PUBLICATION, DISTRIBUTION, ETC. (IMPRINT)
Place of publication, distribution, etc New Delhi
Name of publisher, distributor, etc A.I.C.B.
Date of publication, distribution, etc N.D.
270 ## - ADDRESS
Address Sector-5, Rohini,
City New Delhi
Postal code 110085
300 ## - PHYSICAL DESCRIPTION
Extent 3V., various pages
Dimensions 30cm(HB)
942 ## - ADDED ENTRY ELEMENTS (KOHA)
Source of classification or shelving scheme Dewey Decimal Classification
Item type Braille-Books-English
Classification part 485
Call number suffix ENG
Holdings
Withdrawn status Lost status Materials specified (bound volume or other part) Not for loan Collection code Home library Current library Date acquired Source of acquisition Cost, normal purchase price Full call number Barcode Copy number Koha item type
    V.- 1   Non-fiction Braille-Library Braille-Library 24/10/2007 2355/24-10-2007 186.00 485 ENG B-218307 1 Braille-Books-English
    V.- 2   Non-fiction Braille-Library Braille-Library 24/10/2007 2355/24-10-2007 186.00 485 ENG B-218308 1 Braille-Books-English
    V.- 3   Non-fiction Braille-Library Braille-Library 24/10/2007 2355/24-10-2007 186.00 485 ENG B-218309 1 Braille-Books-English
    V.- 1   Non-fiction Braille-Library Braille-Library 24/10/2007 2355/24-10-2007 186.00 485 ENG B-218310 1 Braille-Books-English
    V.- 2   Non-fiction Braille-Library Braille-Library 24/10/2007 2355/24-10-2007 186.00 485 ENG B-218311 1 Braille-Books-English
    V.- 3   Non-fiction Braille-Library Braille-Library 24/10/2007 2355/24-10-2007 186.00 485 ENG B-218312 1 Braille-Books-English

© Delhi Public Library
Hit Counter
free hit counter